| 000 | 02652cam a22005054a 4500 | ||
|---|---|---|---|
| 001 | muse30253 | ||
| 003 | MdBmJHUP | ||
| 005 | 20210127151028.0 | ||
| 006 | m o d | ||
| 007 | cr||||||||nn|n | ||
| 008 | 130920r20132013sa o 00 0 eng d | ||
| 020 | _a9781920677169 | ||
| 020 | _z9781920489823 | ||
| 035 | _a(OCoLC)854520710 | ||
| 040 |
_aMdBmJHUP _cMdBmJHUP |
||
| 050 | 4 |
_aML3917 _b.S62 2013 |
|
| 100 | 1 |
_aMartin, Denis-Constant. _eauthor. |
|
| 245 | 1 | 0 |
_aSounding the Cape Music, Identity and Politics in South Africa _cDenis-Constant Martin. |
| 250 | _a1st ed. | ||
| 264 | 1 | _bProject Muse, | |
| 264 | 3 | _bProject MUSE, | |
| 300 | _a1 online resource (xxvi, 444 pages.) | ||
| 500 | _aIssued as part of book collections on Project MUSE. | ||
| 504 | _aIncludes bibliographical references (pages 385-410) and index. | ||
| 505 | 0 | _aPart one: The emergence of Creolised identities: Chapter one: Music and identity: a theoretical prologue -- Chapter two: Cape Town's musics: a legacy of Creolisation -- Part two: The dialectics of separation and interweaving: Chapter three: Separation and interweaving in the 20th century: futile separations; Vincent Kolbe's childhood memories -- Chapter four: Separation and interweaving in the 20th century: fertile intertwining; Chris McGregor talks about the blue notes, jazz and South African society; "Soweto Sun", an interview with Rashid Vally by Denis-Constant Martin -- Chapter five: Two decades of freedom -- Chapter six: The musicians' discourse: Cape Town as a musical Potjiekos -- Conclusion: Recognising Creolisation? -- References -- Illustrations -- Musicians interviewed in 2007 and 2009 -- Index. | |
| 506 | 0 |
_aOpen Access _fUnrestricted online access _2star |
|
| 588 | _aDescription based on print version record. | ||
| 650 | 0 |
_aPopular music _zSouth Africa _xHistory and criticism. |
|
| 650 | 0 |
_aMusic and state _zSouth Africa. |
|
| 650 | 0 |
_aMusic _xPolitical aspects _zSouth Africa. |
|
| 655 | 0 | _aElectronic books. | |
| 655 | 7 |
_aElectronic books. _2local |
|
| 710 | 2 |
_aProject Muse, _edistributor. |
|
| 776 | 1 | 8 |
_iPrint version: _z9781920489823 |
| 710 | 2 |
_aProject Muse. _edistributor |
|
| 830 | 0 | _aBook collections on Project MUSE. | |
| 856 | 4 | 0 |
_zFull text available: _uhttps://muse.jhu.edu/book/25276/ |
| 945 | _aProject MUSE - 2013 Complete | ||
| 945 | _aProject MUSE - 2013 African Studies | ||
| 945 | _aProject MUSE - 2013 Global Cultural Studies | ||
| 999 |
_c24369 _d24369 |
||